Ange Postecoglu's Tottenham - Statistics

General Stats
  • This quiz has been taken 48 times
  • The average score is 34 of 45
Answer Stats
Rank Player Position Nationality Matches Goals Assists % Correct
11 Cristian Romero Centre-Back 60 6 2
100%
2 Dejan Kulusevski Attacking Midfield 89 18 14
100%
5 Heung-min Son Left Winger 82 28 24
100%
13 Micky van de Ven Centre-Back 51 3 2
100%
3 Pedro Porro Right-Back 88 8 17
100%
9 Rodrigo Bentancur Defensive Midfield 69 3 2
100%
14 Ben Davies Centre-Back 47 1 2
98%
4 Brennan Johnson Right Winger 85 23 18
98%
7 Guglielmo Vicario Goalkeeper 74 0 0
98%
20 Radu Drăgușin Centre-Back 37 0 0
98%
12 Richarlison Centre-Forward 55 17 6
98%
10 Destiny Udogie Left-Back 66 2 4
96%
6 James Maddison Attacking Midfield 75 16 21
96%
1 Pape Matar Sarr Central Midfield 90 9 6
96%
19 Pierre-Emile Højbjerg Defensive Midfield 39 0 0
96%
18 Timo Werner Left Winger 41 3 7
96%
8 Yves Bissouma Defensive Midfield 72 2 0
96%
17 Lucas Bergvall Central Midfield 45 1 4
93%
16 Dominic Solanke Centre-Forward 45 16 8
85%
28 Kevin Danso Centre-Back 15 0 0
85%
27 Mathys Tel Centre-Forward 20 3 2
85%
22 Emerson Royal Right-Back 24 1 0
80%
34 Manor Solomon Left Winger 6 0 2
80%
32 Antonín Kinský Goalkeeper 10 0 0
78%
15 Archie Gray Defensive Midfield 46 0 0
78%
30 Bryan Gil Left Winger 12 0 0
78%
29 Fraser Forster Goalkeeper 14 0 0
78%
24 Giovani Lo Celso Attacking Midfield 24 2 2
78%
41 Davinson Sánchez Centre-Back 2 0 0
74%
36 Sergio Reguilón Left-Back 6 0 0
74%
21 Djed Spence Left-Back 35 2 3
72%
23 Oliver Skipp Defensive Midfield 24 0 0
72%
37 Ivan Perišić Right Winger 6 0 2
70%
38 Eric Dier Centre-Back 4 0 0
67%
25 Wilson Odobert Right Winger 21 3 0
67%
33 Alejo Veliz Centre-Forward 8 1 0
61%
40 Brandon Austin Goalkeeper 3 0 0
61%
26 Mikey Moore Left Winger 21 1 2
57%
31 Dane Scarlett Centre-Forward 12 1 2
46%
45 Ryan Sessegnon Left-Back 1 0 0
35%
35 Will Lankshear Centre-Forward 6 1 0
35%
43 Damola Ajayi Right Winger 1 1 0
26%
42 Callum Olusesi Central Midfield 1 0 0
17%
39 Jamie Donley Second Striker 4 0 0
17%
44 Alfie Dorrington Centre-Back 1 0 0
15%
No matching quizzes found
Score Distribution
Percent of People with Each Score
Percentile by Number Answered
Your Score History
You have not taken this quiz